Education Psychrogy,: An Interactive Classroom Approach (Record no. 4359)

MARC details
005 - DATE AND TIME OF LATEST TRANSACTION
control field 20250619075238.0
020 ## - INTERNATIONAL STANDARD BOOK NUMBER
International Standard Book Number 81-8382-072-7
082 ## - DEWEY DECIMAL CLASSIFICATION NUMBER
Classification number 370.15REY
100 ## - MAIN ENTRY--PERSONAL NAME
Author name Reynolds. Stella
245 ## - TITLE STATEMENT
Title Education Psychrogy,: An Interactive Classroom Approach
260 ## - PUBLICATION, DISTRIBUTION, ETC.
Place of publication, distribution, etc. New Delhi,
Name of publisher, distributor, etc. Lotus Press,
Date of publication, distribution, etc. 2011.
300 ## - PHYSICAL DESCRIPTION
Extent 257p,
Other physical details Bibliography, Index,
Dimensions 21cm.
942 ## - ADDED ENTRY ELEMENTS (KOHA)
Source of classification or shelving scheme Dewey Decimal Classification
Koha item type Books
Holdings
Date last seen Total checkouts Full call number Barcode Cost, replacement price Price effective from Koha item type Lost status Source of classification or shelving scheme Damaged status Not for loan Withdrawn status Home library Current library Shelving location Date acquired Cost, normal purchase price
06/19/2025   370.15 REY DOM0004060 45000.00 06/19/2025 Books   Dewey Decimal Classification       CBE Dodoma CBE Dodoma Special Reserve Collection 09/11/2020 15000.00
06/19/2025   370.15 REY DOM0004061 45000.00 06/19/2025 Books   Dewey Decimal Classification       CBE Dodoma CBE Dodoma Special Reserve Collection 09/11/2020 15000.00